| 000 | 00458nam a22001697a 4500 | ||
|---|---|---|---|
| 003 | SGT | ||
| 020 | _a9789352707010 | ||
| 082 |
_a618.2 _bD19K |
||
| 100 | _aKONAR, HIRALA | ||
| 245 | _aDUTTA'S BEDSIDE CLINCS AND VIVA-VICE IN OBSTETRICS & GYNECOLOGY | ||
| 250 | _a7TH | ||
| 260 |
_aINDIA _bJAYPEE PUB _c2019 |
||
| 300 | _a719 | ||
| 650 | _aOBST & GYNE | ||
| 653 | _aDUTTA'S BEDSIDE CLINCS AND VIVA-VICE IN OBSTETRICS & GYNECOLOGY | ||
| 942 |
_2ddc _cBK _033 |
||
| 999 |
_c25351 _d25351 |
||